[Event "Nimzo Indian Samisch"]
[Site "SchemingMind.com"]
[Date "2008.05.17"]
[Round "-"]
[White "aston294"]
[Black "TRFz"]
[Result "0-1"]
[WhiteCountry "ENG"]
[BlackCountry "GBR"]
[WhiteElo "1122"]
[WhiteRD "73"]
[BlackElo "2160"]
[BlackRD "61"]
[GameID "155335"]

1. d4 Nf6 2. c4 e6 3. Nc3 Bb4 4. a3 Bxc3+ 5. bxc3 c5 6. dxc5 Nc6 7. Rb1 Qa5 8. Bd2 Qxa3 9. Ra1 Qxc5 10. Be3 Qe7
11. Bg5 h6 12. Bf4 d5 13. e3 O-O 14. cxd5 Nxd5 15. Nf3 Nxc3 16. Qd2 Nd5 17. Ne5 Rd8 18. Rc1 Nxf4 19. exf4 Rxd2 20. Kxd2 Bd7
21. h4 Rd8 22. Bc4 Qb4+ 23. Kd3 Nxe5+ 24. Kd4 Nxc4 25. Rxc4 Bb5+ 26. Ke4 Qxc4+ 27. Kf3 Rd3+ 28. Ke2 Re3+ 29. Kxe3 Qd3#
0-1

[Event "Nimzo Indian Samisch"]
[Site "SchemingMind.com"]
[Date "2008.05.17"]
[Round "-"]
[White "TRFz"]
[Black "aston294"]
[Result "1-0"]
[WhiteCountry "GBR"]
[BlackCountry "ENG"]
[WhiteElo "2160"]
[WhiteRD "61"]
[BlackElo "1122"]
[BlackRD "73"]
[GameID "155336"]

1. d4 Nf6 2. c4 e6 3. Nc3 Bb4 4. a3 Bd6 5. e4 e5 6. Nf3 c6 7. h3 g5 8. Bxg5 Be7 9. Nxe5 h6 10. Bh4 d6
11. Nf3 Nbd7 12. Bd3 d5 13. cxd5 cxd5 14. e5 Ng8 15. Bxe7 Kxe7 16. O-O f6 17. Re1 Qb6 18. Nxd5+ Ke6 19. exf6+ Kxd5 20. Qc1 Ngxf6
21. Qc4+ Kd6 22. Re6#
1-0

[Event "Nimzo Indian Samisch"]
[Site "SchemingMind.com"]
[Date "2008.05.23"]
[Round "-"]
[White "Carl Lenox"]
[Black "aston294"]
[Result "1-0"]
[WhiteCountry "CAN"]
[BlackCountry "ENG"]
[WhiteElo "1235"]
[WhiteRD "56"]
[BlackElo "1109"]
[BlackRD "68"]
[GameID "156124"]

1. d4 Nf6 2. c4 e6 3. Nc3 Bb4 4. a3 Bd6 5. Nf3 Ng4 6. e4 Nc6 7. Bd3 h5 8. Ng5 f6 9. Nf3 f5 10. Bg5 Be7
11. Bd2 Bh4 12. g3 Nxd4 13. Nxd4 Bf6 14. b4 a5 15. b5 Bxd4 16. O-O fxe4 17. Bxe4 c6 18. Bg6+ Ke7 19. Qe2 Rh6 20. Be4 Qf8
21. Bg5+ Rf6 22. Na4 Nxf2 23. Kg2 cxb5 24. Rab1 Ke8 25. Bg6+ Rxg6 26. Nb6 Ra6 27. Nxc8 Ra8 28. Nd6+ Qxd6 29. Qxh5 bxc4 30. Qxg6+ Kf8
31. Bf4 Nd3 32. Bxd6+ Kg8 33. Rf7 Ra6 34. Qxg7+ Bxg7 35. Rxd7 c3 36. Rbxb7 c2 37. Rxg7+ Kh8 38. Rh7+ Kg8 39. Rbg7#
1-0

[Event "Nimzo Indian Samisch"]
[Site "SchemingMind.com"]
[Date "2008.05.23"]
[Round "-"]
[White "Carl Lenox"]
[Black "TRFz"]
[Result "0-1"]
[WhiteCountry "CAN"]
[BlackCountry "GBR"]
[WhiteElo "1235"]
[WhiteRD "56"]
[BlackElo "2202"]
[BlackRD "56"]
[GameID "156125"]

1. d4 Nf6 2. c4 e6 3. Nc3 Bb4 4. a3 Bxc3+ 5. Bd2 Bxb2 6. Rb1 Bxd4 7. Nf3 Bb6 8. g3 O-O 9. Bh3 Nc6 10. Be3 Bxe3
11. fxe3 b6 12. O-O Bb7 13. Qd3 Na5 14. Ng5 h6 15. Nf3 Ba6 16. e4 Bxc4 17. Qd2 Nxe4 18. Qe3 d5 19. Rfd1 c5 20. Ne5 Qf6
21. Ng4 Qc3 22. Rbc1 Qxe3+ 23. Nxe3 Bxe2 24. Re1 Ba6 25. Ng4 Nb3 26. Rb1 Nbd2 27. Rb2 Nf3+ 28. Kh1 Nxe1 29. Ne3 Nd3 30. Rg2 Nef2+
0-1

[Event "Nimzo Indian Samisch"]
[Site "SchemingMind.com"]
[Date "2008.05.24"]
[Round "-"]
[White "aston294"]
[Black "Carl Lenox"]
[Result "0-1"]
[WhiteCountry "ENG"]
[BlackCountry "CAN"]
[WhiteElo "1109"]
[WhiteRD "68"]
[BlackElo "1235"]
[BlackRD "56"]
[GameID "156126"]

1. d4 Nf6 2. c4 e6 3. Nc3 Bb4 4. a3 Bd6 5. Nf3 Nc6 6. Ng5 O-O 7. Nb5 Be7 8. d5 Ne5 9. Bf4 Neg4 10. Nf3 b6
11. Bxc7 Qe8 12. a4 Bb4+ 13. Nd2 e5 14. Nd6 Qe7 15. Nf5 Qc5 16. Qb3 Nxf2 17. Qe3 Qxc7 18. Kxf2 Bb7 19. d6 Qc6 20. Qg3 Qc5+
21. e3 Ne4+ 22. Ke2 Nxg3+ 23. hxg3 Qa5 24. Nb3 Qa6 25. Ne7+ Kh8 26. Kf2 b5 27. cxb5 Qxd6 28. Nf5 Qe6 29. Rc1 Qxb3 30. Rc7 Qxb2+
31. Kg1 Be4 32. Rxd7 Rac8 33. Ne7 Rc1 34. a5 Bxa5 35. Rh4 Bxg2 36. Ra4 Bb6 37. Rdxa7 Bxe3+ 38. Kh2 Bxf1+ 39. Kh1 Qg2#
0-1

[Event "Nimzo Indian Samisch"]
[Site "SchemingMind.com"]
[Date "2008.05.24"]
[Round "-"]
[White "TRFz"]
[Black "Carl Lenox"]
[Result "1-0"]
[WhiteCountry "GBR"]
[BlackCountry "CAN"]
[WhiteElo "2160"]
[WhiteRD "61"]
[BlackElo "1260"]
[BlackRD "61"]
[GameID "156127"]

1. d4 Nf6 2. c4 e6 3. Nc3 Bb4 4. a3 Bd6 5. e4 O-O 6. e5 Ne8 7. exd6 Nxd6 8. Nf3 Nc6 9. Bd3 b6 10. h4 Qe7
11. Bxh7+ Kxh7 12. Ng5+ Kg8 13. Qh5 f6 14. Qh7#
1-0

[Event "Nimzo Indian Samisch"]
[Site "SchemingMind.com"]
[Date "2008.05.27"]
[Round "-"]
[White "lacus66"]
[Black "aston294"]
[Result "1-0"]
[WhiteCountry "HUN"]
[BlackCountry "ENG"]
[WhiteElo "1674"]
[WhiteRD "72"]
[BlackElo "1122"]
[BlackRD "73"]
[GameID "156636"]

1. d4 Nf6 2. c4 e6 3. Nc3 Bb4 4. a3 Bd6 5. b4 c5 6. dxc5 Bc7 7. Nb5 a6 8. Nd6+ Ke7 9. Bg5 h6 10. Bxf6+ gxf6
11. e4 Bxd6 12. Qxd6+ Ke8 13. O-O-O Nc6 14. b5 Ne7 15. Nf3 axb5 16. e5 fxe5 17. Nxe5 Nf5 18. Qd3 f6 19. Nf3 b6 20. c6 Qc7
21. cxb5 Ra5 22. g4 Nd6 23. Qxd6 Qa7 24. Kb2 Rxa3 25. Qxa3 dxc6 26. Qxa7 f5 27. bxc6 fxg4 28. Ne5 Rf8 29. Qc7
1-0

[Event "Nimzo Indian Samisch"]
[Site "SchemingMind.com"]
[Date "2008.05.27"]
[Round "-"]
[White "lacus66"]
[Black "TRFz"]
[Result "0-1"]
[WhiteCountry "HUN"]
[BlackCountry "GBR"]
[WhiteElo "1673"]
[WhiteRD "78"]
[BlackElo "2167"]
[BlackRD "55"]
[GameID "156637"]

1. d4 Nf6 2. c4 e6 3. Nc3 Bb4 4. a3 Bxc3+ 5. bxc3 c5 6. Nf3 O-O 7. Bg5 Qa5 8. Qc2 Ne4 9. Bd2 f5 10. Ne5 d6
11. Nd3 Nd7 12. e3 e5 13. d5 Qd8 14. f3 Qh4+
0-1

[Event "Nimzo Indian Samisch"]
[Site "SchemingMind.com"]
[Date "2008.05.28"]
[Round "-"]
[White "lacus66"]
[Black "Carl Lenox"]
[Result "1-0"]
[WhiteCountry "HUN"]
[BlackCountry "CAN"]
[WhiteElo "1673"]
[WhiteRD "78"]
[BlackElo "1264"]
[BlackRD "59"]
[GameID "156638"]

1. d4 Nf6 2. c4 e6 3. Nc3 Bb4 4. a3 Be7 5. e4 Nc6 6. d5 Na5 7. Bg5 O-O 8. b4 Nxc4 9. Bxc4 e5 10. Nf3 d6
11. O-O Bg4 12. Be2 c6 13. dxc6 bxc6 14. h3 Bd7 15. Bxf6 Bxf6 16. Qxd6 a5 17. Rfd1 g6 18. b5 Be7 19. Qd3 Ra7 20. Nxe5 Be6
21. Nxc6 Qb6 22. Nxa7 Qxa7 23. a4 f5 24. Rab1 Bc5 25. Qg3 Qg7 26. b6 Rb8 27. Qxb8+ Kf7 28. Qc7+ Be7 29. exf5 Bxf5 30. Bd3 Be6
31. b7 Qf8 32. b8=Q Qg7 33. Qf4+ Bf6 34. Rb7+
1-0

[Event "Nimzo Indian Samisch"]
[Site "SchemingMind.com"]
[Date "2008.05.27"]
[Round "-"]
[White "aston294"]
[Black "lacus66"]
[Result "0-1"]
[WhiteCountry "ENG"]
[BlackCountry "HUN"]
[WhiteElo "1122"]
[WhiteRD "73"]
[BlackElo "1674"]
[BlackRD "72"]
[GameID "156639"]

1. d4 Nf6 2. c4 e6 3. Nc3 Bb4 4. a3 Bxc3+ 5. bxc3 O-O 6. Nf3 d5 7. cxd5 Qxd5 8. Bf4 Ne4 9. Ne5 f6 10. e3 fxe5
11. f3 Nxc3 12. Qd2 Qa5 13. Rc1 exd4 14. Bc4 b5 15. Qxd4 Na2+ 16. Kd1 Qa4+ 17. Ke2 bxc4 18. g4 Nc6 19. Qc5 Ba6 20. Bxc7 c3+
21. Kf2 Nxc1 22. Rxc1 Rac8
0-1

[Event "Nimzo Indian Samisch"]
[Site "SchemingMind.com"]
[Date "2008.05.27"]
[Round "-"]
[White "TRFz"]
[Black "lacus66"]
[Result "1-0"]
[WhiteCountry "GBR"]
[BlackCountry "HUN"]
[WhiteElo "2167"]
[WhiteRD "55"]
[BlackElo "1673"]
[BlackRD "78"]
[GameID "156640"]

1. d4 Nf6 2. c4 e6 3. Nc3 Bb4 4. a3 Bxc3+ 5. bxc3 O-O 6. f3 d5 7. cxd5 Qxd5 8. e4 Qc6 9. Qc2 Nbd7 10. Bd3 a6
11. e5 Nd5 12. c4 Ne7 13. Bxh7+ Kh8 14. Be4 Qb6 15. c5 Qa7 16. Nh3 c6 17. Qf2 b5 18. Qh4+
1-0

[Event "Nimzo Indian Samisch"]
[Site "SchemingMind.com"]
[Date "2008.05.27"]
[Round "-"]
[White "Carl Lenox"]
[Black "lacus66"]
[Result "0-1"]
[WhiteCountry "CAN"]
[BlackCountry "HUN"]
[WhiteElo "1260"]
[WhiteRD "61"]
[BlackElo "1674"]
[BlackRD "72"]
[GameID "156641"]

1. d4 Nf6 2. c4 e6 3. Nc3 Bb4 4. a3 Bxc3+ 5. bxc3 O-O 6. g3 d5 7. e3 c6 8. Nf3 Ng4 9. Bd3 Qf6 10. O-O Nd7
11. c5 b6 12. Qa4 Qxf3 13. Qxc6 Qf6 14. Qxa8 Qh6 15. c6 Qxh2#
0-1

[Event "Nimzo Indian Samisch"]
[Site "SchemingMind.com"]
[Date "2008.05.29"]
[Round "-"]
[White "Shaka"]
[Black "lacus66"]
[Result "1-0"]
[WhiteCountry "VEN"]
[BlackCountry "HUN"]
[WhiteElo "1724"]
[WhiteRD "81"]
[BlackElo "1669"]
[BlackRD "82"]
[GameID "156758"]

1. d4 Nf6 2. c4 e6 3. Nc3 Bb4 4. a3 Bxc3+ 5. bxc3 O-O 6. f3 d5 7. cxd5 Nxd5 8. Qc2 Nc6 9. e4 Nf6 10. Bb5 Bd7
11. Bxc6 Bxc6 12. Bg5 h6 13. Bh4 Qd7 14. Bxf6 gxf6 15. Ne2 Bb5 16. Kf2 e5 17. d5 Bxe2 18. Qxe2 Rad8 19. Rab1 b6 20. Qa6 c5
21. a4 f5 22. Rhf1 Qd6 23. Qxa7 Rb8 24. Rb5 fxe4 25. fxe4 f5 26. Kg1 Rf7 27. Qa6 f4 28. Rfb1 Rfb7 29. a5 c4 30. Rxb6 Qc5+
31. Kf1 Qc7 32. Rxb7
1-0

[Event "Nimzo Indian Samisch"]
[Site "SchemingMind.com"]
[Date "2008.05.29"]
[Round "-"]
[White "Shaka"]
[Black "aston294"]
[Result "1-0"]
[WhiteCountry "VEN"]
[BlackCountry "ENG"]
[WhiteElo "1724"]
[WhiteRD "81"]
[BlackElo "1109"]
[BlackRD "68"]
[GameID "156759"]

1. d4 Nf6 2. c4 e6 3. Nc3 Bb4 4. a3 Ba5 5. b4 Bb6 6. c5 Nc6 7. cxb6 axb6 8. e4 d5 9. e5 Ne4 10. Nxe4 dxe4
11. Be3 f5 12. Bc4 g6 13. Qb3 Bd7 14. Bxe6 Bxe6 15. Qxe6+ Kf8 16. Ne2 Qe7 17. Nf4 Qxe6 18. Nxe6+ Ke7 19. Nxc7 Rac8 20. Nd5+ Ke6
21. Nxb6 Rc7 22. d5+ Kxe5 23. dxc6 Rxc6 24. Nd7+ Kd6 25. Nc5 b6 26. Na4 Rc2 27. Rd1+ Kc6 28. O-O Ra8 29. Rc1 Rxc1 30. Rxc1+ Kb5
31. Nxb6 Rxa3 32. Nd5 g5 33. Bxg5
1-0

[Event "Nimzo Indian Samisch"]
[Site "SchemingMind.com"]
[Date "2008.05.29"]
[Round "-"]
[White "Shaka"]
[Black "TRFz"]
[Result "0-1"]
[WhiteCountry "VEN"]
[BlackCountry "GBR"]
[WhiteElo "1724"]
[WhiteRD "81"]
[BlackElo "2202"]
[BlackRD "56"]
[GameID "156760"]

1. d4 Nf6 2. c4 e6 3. Nc3 Bb4 4. a3 Bxc3+ 5. bxc3 c5 6. f3 d5 7. Bg5 Qa5 8. Qd2 dxc4 9. e4 cxd4 10. Qxd4 Qxg5
11. Nh3 Qa5 12. Qxc4 O-O 13. Be2 b6 14. Qb4 Nc6 15. Qxa5 Nxa5 16. O-O Bb7 17. Rfd1 Rfd8
0-1

[Event "Nimzo Indian Samisch"]
[Site "SchemingMind.com"]
[Date "2008.05.29"]
[Round "-"]
[White "Shaka"]
[Black "Carl Lenox"]
[Result "1-0"]
[WhiteCountry "VEN"]
[BlackCountry "CAN"]
[WhiteElo "1727"]
[WhiteRD "81"]
[BlackElo "1292"]
[BlackRD "60"]
[GameID "156761"]

1. d4 Nf6 2. c4 e6 3. Nc3 Bb4 4. a3 Bd6 5. e4 Nc6 6. e5 Bxe5 7. dxe5 Nxe5 8. Bg5 b6 9. Nf3 Nc6 10. Bd3 h6
11. Bxf6 Qxf6 12. O-O Bb7 13. Be4 O-O-O 14. Qa4 Qf4 15. c5 f5 16. Bd3 Qxa4 17. Nxa4 g5 18. b4 g4 19. Nd2 h5 20. cxb6 cxb6
21. Nc4 Nd4 22. Nd6+ Kc7 23. Nxb7 Kxb7 24. Rac1 d5 25. Rfe1 Rhe8 26. Bb1 e5 27. Rcd1 Rc8 28. Nb2 Ne6 29. Rxd5 e4 30. Rxf5 h4
31. Bxe4+ Rc6 32. Bxc6+ Kxc6 33. Rc1+ Kb7 34. Rf7+ Ka6 35. a4 Nf4 36. Rxf4 Rg8 37. Rf7 Re8 38. Nc4
1-0

[Event "Nimzo Indian Samisch"]
[Site "SchemingMind.com"]
[Date "2008.05.28"]
[Round "-"]
[White "lacus66"]
[Black "Shaka"]
[Result "1-0"]
[WhiteCountry "HUN"]
[BlackCountry "VEN"]
[WhiteElo "1691"]
[WhiteRD "76"]
[BlackElo "1771"]
[BlackRD "76"]
[GameID "156762"]

1. d4 Nf6 2. c4 e6 3. Nc3 Bb4 4. a3 Bxc3+ 5. bxc3 Nc6 6. Bg5 d5 7. c5 b6 8. Qa4 Bd7 9. Qc2 bxc5 10. e3 c4
11. Nf3 h6 12. Bh4 O-O 13. Be2 Na5 14. Ne5 Rb8 15. O-O g5 16. Bg3 Rb3 17. Ng6 Re8 18. Be5 Ne4 19. Bh5 Rxc3 20. Qe2 Nb3
21. Rad1 c5 22. f3 Nf6 23. Bxf6 Qxf6 24. Ne5 Ba4 25. Bxf7+ Kf8 26. f4 cxd4 27. exd4 Ke7 28. Bxe8 Bxe8 29. g3 Qf5 30. g4 Qc2
31. Qxc2 Rxc2 32. f5 Re2 33. Ng6+ Kf6 34. Ne5 Nxd4 35. Nxc4 Nxf5 36. Nd6 Ba4 37. Rc1 Ke5 38. Nxf5 exf5 39. gxf5 Bc2 40. f6 Be4
41. Rf5+ Kxf5 42. f7 Kg4 43. f8=Q Rg2+ 44. Kf1 Rxh2 45. Qc8+ Kh4 46. Rc6 h5 47. Qe8 Kg4 48. Qe6+ Kh4 49. Qe5 Rd2 50. Rc3 Rg2
51. Qe6 Rh2 52. Qe7 a5 53. Qa7 Kg4 54. Qxa5 Ra2 55. Qa6 Rh2 56. Ke1 Kh4 57. Qd6 Rg2 58. a4 Kg4 59. a5 h4 60. Qe6+ Kf4
61. a6 Ra2 62. Qf7+ Kg4 63. a7 h3 64. Qe6+ Bf5 65. Qxd5 Ra1+ 66. Kf2 Ra4 67. Qf3+ Kh4 68. Qxf5 Rf4+ 69. Qxf4+ gxf4 70. a8=Q h2
71. Qh8+ Kg4 72. Qxh2
1-0

[Event "Nimzo Indian Samisch"]
[Site "SchemingMind.com"]
[Date "2008.05.28"]
[Round "-"]
[White "aston294"]
[Black "Shaka"]
[Result "0-1"]
[WhiteCountry "ENG"]
[BlackCountry "VEN"]
[WhiteElo "1122"]
[WhiteRD "70"]
[BlackElo "1729"]
[BlackRD "81"]
[GameID "156763"]

1. d4 Nf6 2. c4 e6 3. Nc3 Bb4 4. a3 Bxc3+ 5. bxc3 Nc6 6. d5 exd5 7. cxd5 Ne7 8. c4 d6 9. Bg5 Ng6 10. f4 h6
11. Bxf6 Qxf6 12. Qb1 O-O 13. g4 Bxg4 14. Nh3 Nxf4 15. Nxf4 Qh4+ 16. Kd2 Qg5 17. h4 Qxf4+ 18. e3 Qf2+ 19. Kd3 Bf5+ 20. Kc3 Bxb1
21. Rxb1 Qxe3+ 22. Kc2 f5 23. Rb3 Qe4+ 24. Bd3 Qxh1 25. Rxb7 Rab8 26. Rxc7 Qb1+ 27. Kd2 Rb2+ 28. Bc2 Qxc2+ 29. Ke3 Qe4#
0-1

[Event "Nimzo Indian Samisch"]
[Site "SchemingMind.com"]
[Date "2008.05.28"]
[Round "-"]
[White "TRFz"]
[Black "Shaka"]
[Result "1-0"]
[WhiteCountry "GBR"]
[BlackCountry "VEN"]
[WhiteElo "2185"]
[WhiteRD "58"]
[BlackElo "1727"]
[BlackRD "81"]
[GameID "156764"]

1. d4 Nf6 2. c4 e6 3. Nc3 Bb4 4. a3 Bxc3+ 5. bxc3 Nc6 6. f3 d5 7. cxd5 exd5 8. e3 O-O 9. Bd3 Ne7 10. Ne2 Bf5
11. Rb1 b6 12. O-O Qd6 13. Bxf5 Nxf5 14. e4 Nxd4 15. cxd4 dxe4 16. Bf4 Qe7 17. Nc3 exf3 18. Qxf3 Rac8 19. Bg5 c5 20. Bxf6 gxf6
21. Nd5 Qe6 22. Nxf6+ Kg7 23. Qg3+ Kh8 24. Qd3
1-0

[Event "Nimzo Indian Samisch"]
[Site "SchemingMind.com"]
[Date "2008.05.28"]
[Round "-"]
[White "Carl Lenox"]
[Black "Shaka"]
[Result "0-1"]
[WhiteCountry "CAN"]
[BlackCountry "VEN"]
[WhiteElo "1235"]
[WhiteRD "56"]
[BlackElo "1724"]
[BlackRD "81"]
[GameID "156765"]

1. d4 Nf6 2. c4 e6 3. Nc3 Bb4 4. a3 Bxc3+ 5. bxc3 Nc6 6. Nf3 b6 7. e3 O-O 8. Bd3 Ba6 9. O-O Na5 10. e4 Bxc4
11. Bf4 Bxd3 12. Qxd3 Rc8 13. Qa6 c5 14. Qxa7 d5 15. e5 Ne4 16. Rab1 Nxc3 17. Rxb6 Nc4 18. Rb3 Ne2+ 19. Kh1 Nxf4 20. g3 Ne2
21. dxc5 Ra8 22. Qa4 Rxa4
0-1

[Event "Nimzo Indian Samisch"]
[Site "SchemingMind.com"]
[Date "2008.06.01"]
[Round "-"]
[White "schakert"]
[Black "Shaka"]
[Result "1/2-1/2"]
[WhiteCountry "NED"]
[BlackCountry "VEN"]
[WhiteElo "1798"]
[WhiteRD "71"]
[BlackElo "1735"]
[BlackRD "76"]
[GameID "156933"]

1. d4 Nf6 2. c4 e6 3. Nc3 Bb4 4. a3 Bxc3+ 5. bxc3 c5 6. e3 Qa5 7. Nf3 cxd4 8. exd4 Qxc3+ 9. Bd2 Qb2 10. Bd3 d5
11. Bb4 Nc6 12. Rb1 Qa2 13. Ra1=
1/2-1/2

[Event "Nimzo Indian Samisch"]
[Site "SchemingMind.com"]
[Date "2008.05.29"]
[Round "-"]
[White "schakert"]
[Black "lacus66"]
[Result "1/2-1/2"]
[WhiteCountry "NED"]
[BlackCountry "HUN"]
[WhiteElo "1798"]
[WhiteRD "71"]
[BlackElo "1674"]
[BlackRD "72"]
[GameID "156934"]

1. d4 Nf6 2. c4 e6 3. Nc3 Bb4 4. a3 Bxc3+ 5. bxc3 O-O 6. Qc2 d5 7. cxd5 Qxd5 8. Nf3 Ne4 9. c4 Qa5+ 10. Nd2 Nd6
11. e3 c5 12. Bd3 Nc6 13. O-O cxd4 14. Nb3 Qe5 15. Bxh7+ Kh8 16. Bb2 f5 17. exd4 Qe4 18. Qxe4 fxe4 19. d5 exd5 20. cxd5 Kxh7
21. dxc6 bxc6 22. Nc5 Bf5 23. Rfd1 Nc4 24. Bc3 Rad8=
1/2-1/2

[Event "Nimzo Indian Samisch"]
[Site "SchemingMind.com"]
[Date "2008.05.30"]
[Round "-"]
[White "schakert"]
[Black "aston294"]
[Result "1-0"]
[WhiteCountry "NED"]
[BlackCountry "ENG"]
[WhiteElo "1798"]
[WhiteRD "71"]
[BlackElo "1122"]
[BlackRD "73"]
[GameID "156935"]

1. d4 Nf6 2. c4 e6 3. Nc3 Bb4 4. a3 Bd6 5. c5 Be7 6. e4 Nc6 7. b4 d5 8. b5 Nxd4 9. Qxd4 b6 10. c6 Bd7
11. cxd7+ Qxd7 12. e5 a6 13. exf6 gxf6 14. bxa6 Rxa6 15. Bxa6 c5 16. Qg4 f5 17. Qg7 Rf8 18. Bb5 e5 19. Bxd7+ Kxd7 20. Nxd5 e4
21. Nxe7 Kxe7 22. Bg5+ Ke6 23. Qxf8
1-0

[Event "Nimzo Indian Samisch"]
[Site "SchemingMind.com"]
[Date "2008.06.03"]
[Round "-"]
[White "schakert"]
[Black "TRFz"]
[Result "0-1"]
[WhiteCountry "NED"]
[BlackCountry "GBR"]
[WhiteElo "1783"]
[WhiteRD "65"]
[BlackElo "2185"]
[BlackRD "58"]
[GameID "156936"]

1. d4 Nf6 2. c4 e6 3. Nc3 Bb4 4. a3 Bxc3+ 5. bxc3 c5 6. dxc5 Qa5 7. Qb3 Na6 8. Bf4 Ne4 9. Rc1 Qxc5 10. Be3 Qc7
11. g3 O-O 12. Bg2 f5 13. Bf4 d6 14. Nf3 Nac5 15. Qd1 e5 16. Be3 Be6 17. Nd2 Nxd2 18. Qxd2 Nb3 19. Bd5 Nxd2 20. Bxe6+ Kh8
21. Bxd2 f4 22. Bd5 Qc5 23. O-O Rae8 24. e4 b6 25. Ra1 g5 26. Kg2 Re7 27. g4 h5 28. h4 hxg4 29. hxg5 Rh7 30. Rh1 Rh3
31. Rxh3+ gxh3+ 32. Kf3 Qc8 33. Rh1 Kg7
0-1

[Event "Nimzo Indian Samisch"]
[Site "SchemingMind.com"]
[Date "2008.06.03"]
[Round "-"]
[White "schakert"]
[Black "Carl Lenox"]
[Result "1-0"]
[WhiteCountry "NED"]
[BlackCountry "CAN"]
[WhiteElo "1798"]
[WhiteRD "71"]
[BlackElo "1260"]
[BlackRD "61"]
[GameID "156937"]

1. d4 Nf6 2. c4 e6 3. Nc3 Bb4 4. a3 Bd6 5. c5 Be7 6. Nf3 O-O 7. Bf4 Nc6 8. e3 b6 9. b4 d6 10. b5 Na5
11. c6 d5 12. Be2 Bd6 13. Ne5 Qe7 14. O-O Nh5 15. Bxh5 f6 16. Nd7 Bxd7 17. cxd7 Qxd7 18. Bxd6 Qxd6 19. e4 g6 20. Bf3 c5
21. exd5 e5 22. Ne4 Qxd5 23. Nxf6+
1-0

[Event "Nimzo Indian Samisch"]
[Site "SchemingMind.com"]
[Date "2008.05.30"]
[Round "-"]
[White "Shaka"]
[Black "schakert"]
[Result "0-1"]
[WhiteCountry "VEN"]
[BlackCountry "NED"]
[WhiteElo "1724"]
[WhiteRD "81"]
[BlackElo "1779"]
[BlackRD "68"]
[GameID "156938"]

1. d4 Nf6 2. c4 e6 3. Nc3 Bb4 4. a3 Bxc3+ 5. bxc3 c5 6. f3 Nc6 7. e4 cxd4 8. cxd4 d5 9. cxd5 exd5 10. e5 Ng8
11. Ne2 Bf5 12. Ng3 Bg6 13. a4 Nge7 14. Bb5 O-O 15. O-O Qb6 16. Be3 a6 17. Bxc6 Nxc6 18. Rb1 Bxb1 19. Qxb1 Qxb1 20. Rxb1 Rab8
21. Nf5 f6 22. exf6 Rxf6 23. Ng3 Na5 24. Ne2 Re6 25. Kf2 Rbe8
0-1

[Event "Nimzo Indian Samisch"]
[Site "SchemingMind.com"]
[Date "2008.05.29"]
[Round "-"]
[White "aston294"]
[Black "schakert"]
[Result "0-1"]
[WhiteCountry "ENG"]
[BlackCountry "NED"]
[WhiteElo "1122"]
[WhiteRD "73"]
[BlackElo "1798"]
[BlackRD "71"]
[GameID "156940"]

1. d4 Nf6 2. c4 e6 3. Nc3 Bb4 4. a3 Bxc3+ 5. Bd2 Bxb2 6. Rb1 Bxd4 7. e3 Bc5 8. Rb5 Qe7 9. Nf3 Bxa3 10. Qa1 O-O
11. Ra5 Bb4 12. Ra4 Bxd2+ 13. Kxd2 a5 14. Rxa5 Qb4+ 15. Kd3 Rxa5 16. Qc1 b5 17. Qc3 Ra3 18. Qxa3 Qxa3+ 19. Kd2 Ne4+ 20. Kc2 Na6
21. cxb5 Nb4+ 22. Kd1 Qa1+ 23. Ke2 Nc3+ 24. Kd2 Qb2+ 25. Ke1 Qc1#
0-1

[Event "Nimzo Indian Samisch"]
[Site "SchemingMind.com"]
[Date "2008.06.03"]
[Round "-"]
[White "TRFz"]
[Black "schakert"]
[Result "1-0"]
[WhiteCountry "GBR"]
[BlackCountry "NED"]
[WhiteElo "2202"]
[WhiteRD "56"]
[BlackElo "1779"]
[BlackRD "68"]
[GameID "156941"]

1. d4 Nf6 2. c4 e6 3. Nc3 Bb4 4. a3 Bxc3+ 5. bxc3 c5 6. f3 b6 7. e4 O-O 8. Bd3 Bb7 9. Ne2 d6 10. O-O e5
11. Be3 cxd4 12. cxd4 Nc6 13. Qe1 Rc8 14. Qg3 exd4 15. Nxd4 Ne5 16. Be2 Nxc4 17. Bxc4 Rxc4 18. Nf5 Nh5 19. Qxd6 Qxd6 20. Nxd6 Rc3
21. Rfe1 Bc8 22. Rac1 Rxc1 23. Rxc1 Be6 24. Rc7 g6 25. Rxa7 Rb8 26. Ra6 b5 27. Ra5 b4 28. axb4 Rxb4 29. Ra8+ Kg7 30. Ne8+ Kf8
31. Bc5+
1-0

[Event "Nimzo Indian Samisch"]
[Site "SchemingMind.com"]
[Date "2008.06.03"]
[Round "-"]
[White "Carl Lenox"]
[Black "schakert"]
[Result "0-1"]
[WhiteCountry "CAN"]
[BlackCountry "NED"]
[WhiteElo "1260"]
[WhiteRD "61"]
[BlackElo "1798"]
[BlackRD "71"]
[GameID "156942"]

1. d4 Nf6 2. c4 e6 3. Nc3 Bb4 4. a3 Bxc3+ 5. bxc3 c5 6. Nf3 Qa5 7. Bd2 Ne4 8. Bf4 Qxc3+ 9. Nd2 Nxd2 10. g3 Nf3#
0-1

[Event "Nimzo Indian Samisch"]
[Site "SchemingMind.com"]
[Date "2008.06.01"]
[Round "-"]
[White "keen"]
[Black "Shaka"]
[Result "1-0"]
[WhiteCountry "SCO"]
[BlackCountry "VEN"]
[WhiteElo "1786"]
[WhiteRD "56"]
[BlackElo "1727"]
[BlackRD "81"]
[GameID "157050"]

1. d4 Nf6 2. c4 e6 3. Nc3 Bb4 4. a3 Bxc3+ 5. bxc3 b6 6. Bg5 Bb7 7. f3 d5 8. e3 h6 9. Bh4 Nbd7 10. Bd3 c5
11. Ne2 Rc8 12. O-O O-O 13. cxd5 exd5 14. Ra2 Re8 15. Bf2 Nf8 16. Nf4 cxd4 17. cxd4 Ne6 18. Nxe6 fxe6 19. Bh4 Qe7 20. e4 g5
21. Bg3 Rc3 22. e5 Nh5 23. Be1 Rxa3 24. Rb2 Ba6 25. Bxa6 Rxa6 26. Qd3 Qa3 27. Qg6+ Kf8 28. Qxh6+ Ng7 29. Bb4+ Qxb4 30. Rxb4 Ra2
31. Qxg5 Rc8 32. Qf6+ Kg8 33. f4 Rcc2 34. Qd8+ Kh7 35. Qh4+ Kg8 36. Qd8+ Kh7 37. Qh4+ Kg8 38. Qg3 Kf7 39. Rb3 Kf8 40. Qg6 Kg8
41. Rg3
1-0

[Event "Nimzo Indian Samisch"]
[Site "SchemingMind.com"]
[Date "2008.05.31"]
[Round "-"]
[White "keen"]
[Black "lacus66"]
[Result "1-0"]
[WhiteCountry "SCO"]
[BlackCountry "HUN"]
[WhiteElo "1796"]
[WhiteRD "57"]
[BlackElo "1674"]
[BlackRD "72"]
[GameID "157051"]

1. d4 Nf6 2. c4 e6 3. Nc3 Bb4 4. a3 Bxc3+ 5. bxc3 O-O 6. Nf3 d5 7. Bg5 Nbd7 8. e3 Qe8 9. cxd5 Nxd5 10. c4 Ne7
11. Bd3 c5 12. Bf4 Nf6 13. O-O a6 14. Qc2 g6 15. Bh6 cxd4 16. exd4 Qd7 17. Bxf8 Kxf8 18. Ne5 Qxd4 19. Nf3 Qd6 20. Rfd1 Qc5
21. Qc3 Kg7 22. Ne5 Nfd5 23. Qb2 f6 24. Ng4 h5 25. cxd5 hxg4 26. Rac1 Qd6 27. dxe6 Qxe6 28. Bc4 Qf5 29. Re1 b5 30. Rxe7+ Kh6
31. Qd2+ g5 32. Bd3 Qd5 33. Rh7#
1-0

[Event "Nimzo Indian Samisch"]
[Site "SchemingMind.com"]
[Date "2008.05.30"]
[Round "-"]
[White "keen"]
[Black "aston294"]
[Result "1-0"]
[WhiteCountry "SCO"]
[BlackCountry "ENG"]
[WhiteElo "1796"]
[WhiteRD "57"]
[BlackElo "1122"]
[BlackRD "73"]
[GameID "157052"]

1. d4 Nf6 2. c4 e6 3. Nc3 Bb4 4. a3 Bd6 5. e4 e5 6. Bg5 h6 7. Bh4 g5 8. Bg3 c5 9. dxe5 Be7 10. exf6 Bxf6
11. Bd3 d6 12. Qc2 h5 13. Nd5 Nc6 14. Nf3 Nd4 15. Nxf6+ Ke7 16. Nd5+ Ke6 17. Nxd4+ cxd4 18. f3 h4 19. Bf2 f6 20. Bxd4 Qa5+
21. b4 Qd8 22. Bxf6 Rf8 23. Bxd8 Rxd8 24. O-O-O Bd7 25. Qc3 Rdc8 26. Qf6#
1-0